|
|
|
|
| LEADER |
01263nam a2200313 a 4500 |
| 001 |
28573 |
| 003 |
BD-DhAAL |
| 005 |
20141201114524.0 |
| 008 |
141201s2005 nyuab b 001 0 eng |
| 010 |
|
|
|a 2005046010
|
| 020 |
|
|
|a 0066210860
|
| 020 |
|
|
|a 9780060935726
|
| 040 |
|
|
|a DLC
|c DLC
|d DLC
|d BD-DhAAL
|
| 050 |
0 |
0 |
|a P107
|b .O88 2005
|
| 082 |
0 |
0 |
|a 409
|2 22
|
| 100 |
1 |
|
|a Ostler, Nicholas.
|9 6308
|
| 245 |
1 |
0 |
|a Empires of the word :
|b a language history of the world /
|c Nicholas Ostler.
|
| 250 |
|
|
|a 1st American ed.
|
| 260 |
|
|
|a New York :
|b HarperCollins Publishers,
|c c2005.
|
| 300 |
|
|
|a xxi, 615 p. :
|b ill., maps ;
|c 24 cm.
|
| 504 |
|
|
|a Includes bibliographical references (p. 579-589) and index.
|
| 541 |
|
|
|e 28573
|
| 650 |
|
0 |
|a Language and languages.
|9 6309
|
| 650 |
|
0 |
|a Historical linguistics.
|9 6310
|
| 856 |
4 |
2 |
|3 Contributor biographical information
|u http://www.loc.gov/catdir/enhancements/fy0911/2005046010-b.html
|
| 856 |
4 |
2 |
|3 Publisher description
|u http://www.loc.gov/catdir/enhancements/fy0911/2005046010-d.html
|
| 942 |
|
|
|2 ddc
|c BK
|
| 999 |
|
|
|c 33158
|d 33158
|
| 952 |
|
|
|0 0
|1 0
|2 ddc
|4 0
|6 409_000000000000000_OST
|7 0
|9 44260
|a BRACUL
|b BRACUL
|c GEN
|d 2014-12-01
|e Trim Education
|g 1550.00
|l 2
|m 6
|o 409 OST
|p 3010028573
|r 2026-03-07
|s 2026-01-31
|t 1
|w 2014-12-01
|y BK
|